Therapeutic exercise: (Record no. 2349)

MARC details
000 -LEADER
fixed length control field 00635nam a22002177a 4500
003 - CONTROL NUMBER IDENTIFIER
control field OSt
005 - DATE AND TIME OF LATEST TRANSACTION
control field 20151023142930.0
008 - FIXED-LENGTH DATA ELEMENTS--GENERAL INFORMATION
fixed length control field 151023b xxu||||| |||| 00| 0 eng d
020 ## - INTERNATIONAL STANDARD BOOK NUMBER
International Standard Book Number 9780803625747
040 ## - CATALOGING SOURCE
Transcribing agency DNLM
082 ## - DEWEY DECIMAL CLASSIFICATION NUMBER
Classification number WB541 K64t 2012
100 ## - MAIN ENTRY--PERSONAL NAME
Personal name Kisner, Carolyn; Colby, Lynn Allen
9 (RLIN) 5891
245 ## - TITLE STATEMENT
Title Therapeutic exercise:
Remainder of title foundations and techniques
250 ## - EDITION STATEMENT
Edition statement 6th ed.
260 ## - PUBLICATION, DISTRIBUTION, ETC. (IMPRINT)
Place of publication, distribution, etc. Philadelphia;
Name of publisher, distributor, etc. F.A. Davis company
Date of publication, distribution, etc. 2012
300 ## - PHYSICAL DESCRIPTION
Extent xxxii,1023p;
Other physical details col.ill:
Dimensions 28cm
504 ## - BIBLIOGRAPHY, ETC. NOTE
Bibliography, etc References, glossary, & index included
650 ## - SUBJECT ADDED ENTRY--TOPICAL TERM
Topical term or geographic name as entry element Therapeutics
9 (RLIN) 1626
650 ## - SUBJECT ADDED ENTRY--TOPICAL TERM
Topical term or geographic name as entry element Physiotherapy
9 (RLIN) 1959
942 ## - ADDED ENTRY ELEMENTS (KOHA)
Source of classification or shelving scheme Other/Generic Classification Scheme
Koha item type Open Shelf
Holdings
Withdrawn status Lost status Source of classification or shelving scheme Damaged status Not for loan Home library Current library Date acquired Source of acquisition Inventory number Total Checkouts Full call number Barcode Date last seen Date last checked out Koha item type Price effective from
    Other/Generic Classification Scheme     MUST Main Library MUST Main Library 23/10/2015   15/39531 1 WB541 K64t 2012 2015-2362 25/04/2017 11/04/2017 Open Shelf  
    Other/Generic Classification Scheme     MUST Main Library MUST Main Library 27/02/2018   2017/40440   WB541 K64t 2012 2018-0109 27/02/2018   Open Shelf 27/02/2018